[Event "Bad Zwesten op 5th"]
[Site "Bad Zwesten"]
[Date "2001.01.05"]
[Round "7"]
[White "Ciolac, Gheorghe"]
[Black "Felczer, Kevin"]
[Result "1/2-1/2"]
[WhiteElo "2323"]
[BlackElo "2190"]
[PlyCount "107"]
[EventDate "2001.01.02"]
[EventType "swiss"]
[EventRounds "7"]
[EventCountry "GER"]
[SourceTitle "EXT 2002"]
[Source "ChessBase"]
[SourceDate "2001.11.25"]
[SourceVersion "1"]
[SourceVersionDate "2001.11.25"]
[SourceQuality "1"]

1. e4 e6 2. d4 d5 3. Nc3 Bb4 4. e5 Qd7 5. Bd2 b6 6. Nf3 Ne7 7. Ne2 Bxd2+ 8. Qxd2 Ba6 9. g3 c5 10. c3 Nbc6 11. Nf4 Bxf1 12. Kxf1 h5 13. Kg2 Nf5 14. h3 cxd4 15. cxd4 0-0-0 16. g4 hxg4 17. hxg4 Nfe7 18. Ng5 Ng6 19. Nxg6 fxg6 20. Rxh8 Rxh8 21. b4 Kb7 22. Rb1 Qe7 23. f4 Rc8 24. a3 Nd8 25. Qd3 Rc4 26. Ne4 Qh4 27. Nf2 Qe7 28. b5 g5 29. f5 Qc7 30. Rb3 Qc8 31. Kg3 Nf7 32. fxe6 Qxe6 33. Qe3 Qe7 34. Rd3 Nd8 35. Rc3 Rxc3 36. Qxc3 Qd7 37. a4 Ne6 38. Qd3 Qf7 39. Qf5 Qe7 40. Qf3 Qd7 41. Qc3 a6 42. bxa6+ Kxa6 43. Nd3 Kb7 44. Qb4 Ka6 45. Qc3 Kb7 46. Qb3 Ka7 47. Nb4 Nf4 48. Qc2 Kb7 49. Kf3 Ne6 50. Ke3 Nxd4 51. Qd3 Nc6 52. Nxc6 Qxc6 53. Kd2 Qc5 54. Qf5 1/2-1/2

[Event "Bad Zwesten op 5th"]
[Site "Bad Zwesten"]
[Date "2001.01.04"]
[Round "4"]
[White "Schebler, Gerhard"]
[Black "Ciolac, Gheorghe"]
[Result "1-0"]
[WhiteElo "2496"]
[BlackElo "2323"]
[PlyCount "67"]
[EventDate "2001.01.02"]
[EventType "swiss"]
[EventRounds "7"]
[EventCountry "GER"]
[SourceTitle "EXT 2002"]
[Source "ChessBase"]
[SourceDate "2001.11.25"]
[SourceVersion "1"]
[SourceVersionDate "2001.11.25"]
[SourceQuality "1"]

1. Nf3 Nf6 2. g3 d5 3. Bg2 e6 4. 0-0 Be7 5. c4 0-0 6. d4 dxc4 7. Qc2 a6 8. a4 Bd7 9. Qxc4 Bc6 10. Bg5 Bd5 11. Qc1 h6 12. Bf4 Nc6 13. Nbd2 g5 14. Be3 Ng4 15. Nc4 Nxe3 16. fxe3 g4 17. Nfe5 Bxg2 18. Kxg2 Qd5+ 19. Kg1 h5 20. Qc3 Bg5 21. a5 Nxe5 22. Nxe5 Rad8 23. Ra3 Qe4 24. b4 f6 25. Nc4 Rd7 26. Nd2 Qd5 27. Qd3 Rg7 28. Ne4 Bh6 29. Nc5 Re7 30. e4 Qg5 31. d5 exd5 32. exd5 Qe3+ 33. Rf2 Qxd3 34. Rxd3 1-0

[Event "ROM-chT"]
[Site "Eforie Nord"]
[Date "2000.12.21"]
[Round "4"]
[White "Ciolac, Gheorghe"]
[Black "Nisipeanu, Liviu Dieter"]
[Result "1/2-1/2"]
[WhiteElo "2323"]
[BlackElo "2592"]
[PlyCount "76"]
[EventDate "2000.12.18"]
[EventType "team"]
[EventRounds "5"]
[EventCountry "ROU"]
[SourceTitle "CBM 081"]
[Source "ChessBase"]
[SourceDate "2001.03.20"]
[SourceVersion "1"]
[SourceVersionDate "2001.03.20"]
[SourceQuality "1"]
[WhiteTeam "Bucharest Electrica"]
[BlackTeam "Bucharest RGA"]
[WhiteTeamCountry "ROU"]
[BlackTeamCountry "ROU"]

1. e4 d5 2. exd5 Qxd5 3. Nf3 Nf6 4. d4 Bg4 5. Be2 Nc6 6. Be3 0-0-0 7. 0-0 e6 8. Nbd2 Bd6 9. h3 h5 10. a3 g5 11. Bc4 Bxf3 12. Qxf3 Qxf3 13. Nxf3 g4 14. Ng5 Rd7 15. Rad1 Nd5 16. Bc1 a6 17. Rfe1 Rg8 18. hxg4 hxg4 19. g3 Nd8 20. Bf1 Rg6 21. Bg2 c6 22. Ne4 Be7 23. c4 Nb6 24. b3 f5 25. Nc3 Bg5 26. Bb2 a5 27. a4 Be7 28. c5 Nd5 29. Nxd5 cxd5 30. Bf1 Bf6 31. Bb5 Rh7 32. Kg2 Rgh6 33. Rh1 Rxh1 34. Rxh1 Rxh1 35. Kxh1 Kc7 36. Bc3 Nc6 37. Bxc6 Kxc6 38. Kg2 b6 1/2-1/2

[Event "ROM-chT"]
[Site "Eforie Nord"]
[Date "2000.12.19"]
[Round "2"]
[White "Ciolac, Gheorghe"]
[Black "Dumitrache, Dragos Nicolae"]
[Result "0-1"]
[WhiteElo "2323"]
[BlackElo "2443"]
[PlyCount "122"]
[EventDate "2000.12.18"]
[EventType "team"]
[EventRounds "5"]
[EventCountry "ROU"]
[SourceTitle "CBM 081"]
[Source "ChessBase"]
[SourceDate "2001.03.20"]
[SourceVersion "1"]
[SourceVersionDate "2001.03.20"]
[SourceQuality "1"]
[WhiteTeam "Bucharest Electrica"]
[BlackTeam "Brasov Dinamo"]
[WhiteTeamCountry "ROU"]
[BlackTeamCountry "ROU"]

1. e4 c6 2. d4 d5 3. e5 c5 4. dxc5 Nc6 5. Bf4 e6 6. Nd2 Nge7 7. Bd3 Ng6 8. Bxg6 fxg6 9. Nb3 Bxc5 10. Nxc5 Qa5+ 11. c3 Qxc5 12. Nf3 0-0 13. Be3 Qc4 14. Bd4 Rf4 15. b3 Qa6 16. Qd2 Re4+ 17. Kd1 h6 18. Re1 Bd7 19. Kc2 Qa3 20. Qc1 Qf8 21. Kb2 g5 22. h3 Be8 23. Qd2 Rf4 24. Be3 Rxf3 25. gxf3 Nxe5 26. Rh1 Bg6 27. Rad1 Nxf3 28. Qe2 Be4 29. Ka1 Qf6 30. Qb2 e5 31. Rhf1 Qe7 32. Qe2 Qc7 33. c4 Nh2 34. f3 Nxf1 35. Rxf1 Bf5 36. Rc1 d4 37. Bf2 Re8 38. h4 gxh4 39. Bxh4 e4 40. fxe4 Rxe4 41. Qf2 Qf4 42. Qxf4 Rxf4 43. Bg3 Rf3 44. Bb8 a6 45. Ba7 d3 46. Kb2 g5 47. Kc3 Kf7 48. Re1 h5 49. Bc5 Be6 50. Be3 g4 51. Kxd3 h4 52. Ke2 Bf5 53. b4 h3 54. Rg1 h2 55. Rh1 Rh3 56. Bf4 Bd3+ 57. Kd2 g3 58. Bxg3 Rxg3 59. Rxh2 Bxc4 60. Kc1 Bd5 61. Rd2 Rg1+ 0-1

[Event "Bernate op"]
[Site "Bernate"]
[Date "1999.??.??"]
[Round "6"]
[White "Ciolac, Gheorghe"]
[Black "Barlocco, Carlo"]
[Result "1/2-1/2"]
[WhiteElo "2360"]
[BlackElo "2160"]
[PlyCount "118"]
[EventDate "1999.??.??"]
[EventType "swiss"]
[EventRounds "7"]
[EventCountry "ITA"]
[SourceTitle "EXT 2003"]
[Source "ChessBase"]
[SourceDate "2002.11.25"]
[SourceVersion "1"]
[SourceVersionDate "2002.11.25"]
[SourceQuality "1"]

1. e4 c5 2. Ne2 Nc6 3. Nbc3 Nf6 4. d4 cxd4 5. Nxd4 d6 6. g3 g6 7. Nde2 Bg7 8. Bg2 0-0 9. 0-0 Bd7 10. h3 Rc8 11. a4 Ne5 12. b3 Be6 13. Bb2 Nc6 14. Qd2 Qa5 15. Rfd1 Rfd8 16. Rab1 Ne5 17. Nd4 Bd7 18. Nd5 Qxd2 19. Rxd2 Kf8 20. c4 Ne8 21. Ne3 Nc6 22. Nb5 Bxb2 23. Rbxb2 Nc7 24. Nxc7 Rxc7 25. Rb1 Nb4 26. f4 Bc6 27. Rbd1 Rcd7 28. h4 e6 29. Kf2 Ke7 30. Bf3 Na6 31. Re1 Nc5 32. Nd5+ Bxd5 33. exd5 Nxb3 34. dxe6 fxe6 35. Rd3 Nc5 36. Rde3 Kf6 37. g4 d5 38. g5+ Kf7 39. cxd5 exd5 40. Bg4 d4 41. Rf3 Re7 42. f5 Rxe1 43. Kxe1 Nxa4 44. fxg6+ Kxg6 45. Rf6+ Kg7 46. h5 d3 47. h6+ Kh8 48. Kd2 Nc5 49. Bf5 Nb3+ 50. Kd1 d2 51. Rf7 Re8 52. Rxh7+ Kg8 53. Rg7+ Kf8 54. Rd7 Re1+ 55. Kc2 Rc1+ 56. Kxb3 d1Q+ 57. Rxd1 Rxd1 58. g6 Rg1 59. g7+ Kg8 1/2-1/2

[Event "Cesenatico op 4th"]
[Site "Cesenatico"]
[Date "1999.??.??"]
[Round "2"]
[White "Ciolac, Gheorghe"]
[Black "Bellincampi, Stefano"]
[Result "1-0"]
[WhiteElo "2389"]
[BlackElo "2049"]
[PlyCount "75"]
[EventDate "1999.??.??"]
[EventType "swiss"]
[EventRounds "9"]
[EventCountry "ITA"]
[SourceTitle "EXT 2000"]
[Source "ChessBase"]
[SourceDate "1999.11.16"]
[SourceVersion "1"]
[SourceVersionDate "1999.11.16"]
[SourceQuality "1"]

1. e4 e6 2. d4 d5 3. Nc3 Nf6 4. e5 Nfd7 5. f4 c5 6. Nce2 Nc6 7. Nf3 Qb6 8. c3 cxd4 9. Nexd4 Bc5 10. g3 Nxd4 11. cxd4 Be7 12. Bd3 Nb8 13. 0-0 Nc6 14. Rf2 Bd7 15. Be3 f5 16. exf6 gxf6 17. a3 0-0-0 18. Rc2 Kb8 19. Bf2 Bd6 20. b4 Ne7 21. Qe2 Rde8 22. b5 Ng6 23. a4 Qd8 24. a5 Qe7 25. b6 e5 26. bxa7+ Ka8 27. dxe5 fxe5 28. Bxg6 hxg6 29. Nxe5 Bf5 30. Bd4 Rc8 31. Rb2 Bc5 32. Qe3 Be4 33. a6 Bxd4 34. Qxd4 bxa6 35. Rb8+ Rxb8 36. axb8Q+ Rxb8 37. Rxa6+ Kb7 38. Qa7+ 1-0

[Event "Teramo op"]
[Site "Teramo"]
[Date "1999.??.??"]
[Round "3"]
[White "Ciolac, Gheorghe"]
[Black "Zlochevskij, Alexander"]
[Result "0-1"]
[WhiteElo "2389"]
[BlackElo "2457"]
[PlyCount "64"]
[EventDate "1999.??.??"]
[EventType "swiss"]
[EventRounds "7"]
[EventCountry "ITA"]
[SourceTitle "EXT 2005"]
[Source "ChessBase"]
[SourceDate "2004.11.15"]
[SourceVersion "1"]
[SourceVersionDate "2004.11.15"]
[SourceQuality "1"]

1. e4 e6 2. d4 d5 3. Nc3 Nf6 4. exd5 exd5 5. Bf4 c6 6. Qd2 Bb4 7. f3 0-0 8. 0-0-0 Nbd7 9. g4 Nb6 10. a3 Be7 11. Nb1 Nc4 12. Qd3 Re8 13. h4 Bd6 14. Bd2 Qc7 15. Nh3 Bd7 16. Bg2 Qb6 17. Qc3 c5 18. Bf4 cxd4 19. Rxd4 Bc5 20. Rdd1 Ne3 21. Rd2 Rac8 22. Qd3 Nc4 23. Qb3 Qxb3 24. cxb3 Nxd2 25. Kxd2 d4 26. Nf2 Nd5 27. Bg3 Ne3 28. Bf1 Bc6 29. Be2 Bd5 30. b4 Bb6 31. Bd3 Bxf3 32. Re1 Nc4+ 0-1

[Event "Cesenatico op 4th"]
[Site "Cesenatico"]
[Date "1999.??.??"]
[Round "5"]
[White "Grigore, George Gabriel"]
[Black "Ciolac, Gheorghe"]
[Result "1/2-1/2"]
[WhiteElo "2526"]
[BlackElo "2389"]
[PlyCount "47"]
[EventDate "1999.??.??"]
[EventType "swiss"]
[EventRounds "9"]
[EventCountry "ITA"]
[SourceTitle "EXT 2000"]
[Source "ChessBase"]
[SourceDate "1999.11.16"]
[SourceVersion "1"]
[SourceVersionDate "1999.11.16"]
[SourceQuality "1"]

1. d4 Nf6 2. c4 e6 3. Nc3 d5 4. cxd5 exd5 5. Bg5 Be7 6. e3 c6 7. Qc2 Nbd7 8. Bd3 Nh5 9. Bxe7 Qxe7 10. Nge2 g6 11. 0-0-0 Nb6 12. h3 Bd7 13. Kb1 0-0-0 14. g4 Ng7 15. Nf4 Kb8 16. Be2 Rc8 17. Ka1 Ne6 18. Nd3 c5 19. dxc5 Nxc5 20. Nxc5 Rxc5 21. Rd4 Be6 22. Rhd1 Rhc8 23. Bf1 Qc7 24. f4 1/2-1/2

[Event "Bernate op"]
[Site "Bernate"]
[Date "1999.??.??"]
[Round "7"]
[White "Loncar, Robert"]
[Black "Ciolac, Gheorghe"]
[Result "1-0"]
[WhiteElo "2425"]
[BlackElo "2360"]
[PlyCount "107"]
[EventDate "1999.??.??"]
[EventType "swiss"]
[EventRounds "7"]
[EventCountry "ITA"]
[SourceTitle "EXT 2003"]
[Source "ChessBase"]
[SourceDate "2002.11.25"]
[SourceVersion "1"]
[SourceVersionDate "2002.11.25"]
[SourceQuality "1"]

1. d4 Nf6 2. Nf3 e6 3. c4 b6 4. e3 Bb4+ 5. Nbd2 Bb7 6. Bd3 0-0 7. 0-0 d5 8. Qc2 Nbd7 9. e4 dxe4 10. Nxe4 Be7 11. Rd1 Qc8 12. Bg5 h6 13. Bh4 Re8 14. Bxf6 Bxf6 15. Re1 Be7 16. Rad1 c6 17. Qe2 Qc7 18. Bb1 Rad8 19. Ng3 Nf6 20. Ne5 Bb4 21. Rf1 Bd6 22. Ng4 Nxg4 23. Qxg4 Bxg3 24. hxg3 c5 25. dxc5 Qxc5 26. Qh4 Qc6 27. f3 Qc5+ 28. Kh2 Qg5 29. Qxg5 hxg5 30. Bc2 Bc6 31. Kg1 Kf8 32. Kf2 Ke7 33. Ke3 f5 34. b4 Rxd1 35. Rxd1 Rc8 36. Bb3 Bb7 37. Rd2 e5 38. f4 gxf4+ 39. gxf4 e4 40. g4 fxg4 41. Rg2 Rh8 42. Rxg4 Rh3+ 43. Kd4 Kf6 44. Bc2 Rh2 45. Bxe4 Bxe4 46. Kxe4 Rxa2 47. Kd5 g6 48. c5 bxc5 49. bxc5 Rd2+ 50. Kc6 Rc2 51. Rg5 Rc4 52. Rd5 Rxf4 53. Kd7 g5 54. c6 1-0

[Event "Teramo op"]
[Site "Teramo"]
[Date "1999.??.??"]
[Round "4"]
[White "Tomba, Ivan"]
[Black "Ciolac, Gheorghe"]
[Result "0-1"]
[WhiteElo "2063"]
[BlackElo "2389"]
[PlyCount "96"]
[EventDate "1999.??.??"]
[EventType "swiss"]
[EventRounds "7"]
[EventCountry "ITA"]
[SourceTitle "EXT 2005"]
[Source "ChessBase"]
[SourceDate "2004.11.15"]
[SourceVersion "1"]
[SourceVersionDate "2004.11.15"]
[SourceQuality "1"]

1. e4 e5 2. Nf3 Nc6 3. d4 exd4 4. Nxd4 Nf6 5. Nxc6 bxc6 6. e5 Qe7 7. Qe2 Nd5 8. c4 Ba6 9. b3 Qb4+ 10. Qd2 Qxd2+ 11. Bxd2 Nb4 12. Kd1 c5 13. Nc3 0-0-0 14. Ne4 h6 15. Be3 d6 16. exd6 cxd6 17. a3 Nc6 18. Kc2 g6 19. Rd1 f5 20. Nc3 Bg7 21. Nd5 Rhe8 22. Bd3 Bb7 23. Rhe1 Ne5 24. Bf4 Bxd5 25. Bxe5 dxe5 26. cxd5 Kc7 27. Bc4 Kd6 28. Rb1 e4 29. b4 cxb4 30. Rxb4 Rc8 31. Kd2 Re7 32. Ra4 a5 33. Rb1 Bd4 34. Ba6 Ra8 35. Bb7 Rb8 36. Rxd4 Rexb7 37. Rxb7 Rxb7 38. Kc3 Rb5 39. Kc4 Rc5+ 40. Kb3 Rxd5 41. Ra4 Rc5 42. Rd4+ Rd5 43. Ra4 Ke5 44. Kc2 g5 45. Rc4 h5 46. Rc6 h4 47. Rg6 Kf4 48. Ra6 h3 0-1

[Event "Oxford IM"]
[Site "Oxford"]
[Date "1998.12.21"]
[Round "7"]
[White "Dunnington, Angus J"]
[Black "Ciolac, Gheorghe"]
[Result "1-0"]
[WhiteElo "2365"]
[BlackElo "2375"]
[PlyCount "101"]
[EventDate "1998.12.??"]
[EventType "tourn"]
[EventRounds "9"]
[EventCountry "ENG"]
[EventCategory "2"]
[SourceTitle "EXT 2000"]
[Source "ChessBase"]
[SourceDate "1999.11.16"]
[SourceVersion "1"]
[SourceVersionDate "1999.11.16"]
[SourceQuality "1"]

1. Nf3 Nf6 2. g3 b6 3. Bg2 Bb7 4. 0-0 e6 5. c4 Be7 6. Nc3 0-0 7. Re1 d5 8. cxd5 exd5 9. d4 Nbd7 10. Bf4 c5 11. Rc1 a6 12. dxc5 Bxc5 13. Na4 Bb4 14. Rf1 b5 15. a3 Be7 16. Bc7 Qe8 17. Nb6 Nxb6 18. Bxb6 Rc8 19. Nd4 Qd7 20. Qd3 Ne4 21. Nb3 Qe6 22. Bd4 Rfe8 23. f3 Nf6 24. e3 Nd7 25. Na5 Ba8 26. Qd2 Nb6 27. Rxc8 Rxc8 28. Rc1 Nc4 29. Qc3 Nd6 30. Qd2 Re8 31. Rd1 h5 32. Qd3 h4 33. g4 Bd8 34. Nb3 Nc4 35. Nc5 Qh6 36. Re1 h3 37. Bf1 Bh4 38. Re2 Bg5 39. f4 Bd8 40. Rf2 Qh4 41. Rf3 Bf6 42. Rxh3 Bxd4 43. Rxh4 Bxe3+ 44. Kg2 Bxc5 45. Qh7+ Kf8 46. Qh8+ Ke7 47. Qxg7 Ne3+ 48. Kh3 Nxf1 49. Rh8 Rxh8+ 50. Qxh8 Bc6 51. Qc8 1-0

[Event "Oxford IM"]
[Site "Oxford"]
[Date "1998.12.20"]
[Round "6"]
[White "Ciolac, Gheorghe"]
[Black "Bates, Richard"]
[Result "1/2-1/2"]
[WhiteElo "2375"]
[BlackElo "2395"]
[PlyCount "39"]
[EventDate "1998.12.??"]
[EventType "tourn"]
[EventRounds "9"]
[EventCountry "ENG"]
[EventCategory "2"]
[SourceTitle "EXT 2000"]
[Source "ChessBase"]
[SourceDate "1999.11.16"]
[SourceVersion "1"]
[SourceVersionDate "1999.11.16"]
[SourceQuality "1"]

1. e4 c5 2. Ne2 Nc6 3. Nbc3 d6 4. d4 cxd4 5. Nxd4 Nf6 6. g3 g6 7. Nde2 Bg7 8. Bg2 0-0 9. 0-0 Bd7 10. h3 Qa5 11. Nd5 Rfc8 12. c3 Nxd5 13. exd5 Ne5 14. Nd4 Nc4 15. Re1 Bf6 16. Re2 Nb6 17. Nb3 Qa4 18. Bh6 Bb5 19. Re4 Bc4 20. Qd2 1/2-1/2

[Event "Oxford IM"]
[Site "Oxford"]
[Date "1998.12.17"]
[Round "4"]
[White "Ciolac, Gheorghe"]
[Black "Schnabel, Ralf"]
[Result "1-0"]
[WhiteElo "2375"]
[BlackElo "2245"]
[PlyCount "83"]
[EventDate "1998.12.??"]
[EventType "tourn"]
[EventRounds "9"]
[EventCountry "ENG"]
[EventCategory "2"]
[SourceTitle "EXT 2000"]
[Source "ChessBase"]
[SourceDate "1999.11.16"]
[SourceVersion "1"]
[SourceVersionDate "1999.11.16"]
[SourceQuality "1"]

1. e4 Nf6 2. e5 Nd5 3. d4 d6 4. c4 Nb6 5. exd6 exd6 6. Nc3 Be7 7. Bd3 0-0 8. Nge2 c6 9. Qc2 h6 10. 0-0 d5 11. c5 N6d7 12. Bf4 Na6 13. a3 Nc7 14. b4 Ne6 15. Be3 Nf6 16. h3 Nh5 17. f4 Kh8 18. g4 Nf6 19. Rad1 Re8 20. Ng3 Bf8 21. Qd2 Ng8 22. Rde1 Bd7 23. Bb1 Be7 24. Nf5 Nf8 25. Nxe7 Rxe7 26. f5 f6 27. Bf4 Nh7 28. h4 b5 29. Bd6 Rxe1 30. Rxe1 a5 31. Ne2 Be8 32. Nf4 Bf7 33. Ne6 Qc8 34. bxa5 Ra7 35. Bd3 Qa8 36. a6 Qc8 37. a4 Rxa6 38. axb5 cxb5 39. Bxb5 Ra3 40. Re3 Ra1+ 41. Re1 Ra3 42. Bf1 1-0

[Event "Szeged TT09 IM"]
[Site "Szeged"]
[Date "1998.09.22"]
[Round "6"]
[White "Ciolac, Gheorghe"]
[Black "Berecz, Arpad"]
[Result "1-0"]
[WhiteElo "2375"]
[BlackElo "2210"]
[PlyCount "71"]
[EventDate "1998.09.17"]
[EventType "tourn"]
[EventRounds "9"]
[EventCountry "HUN"]
[EventCategory "1"]
[SourceTitle "CBM 067 Extra"]
[Source "ChessBase"]
[SourceDate "1999.01.01"]
[SourceVersion "1"]
[SourceVersionDate "1999.01.01"]
[SourceQuality "1"]

1. e4 e5 2. Nf3 Nc6 3. Bc4 Bc5 4. c3 Nf6 5. d3 d6 6. Bb3 0-0 7. 0-0 Bg4 8. h3 Bh5 9. Nbd2 Qd7 10. Re1 h6 11. Nf1 g5 12. Ng3 Bg6 13. Nh2 d5 14. Qf3 Kg7 15. exd5 Ne7 16. Rxe5 Bd6 17. Re1 Bxg3 18. fxg3 Nexd5 19. Rf1 Qd6 20. Bd2 Ne7 21. c4 Nf5 22. Bc3 Nd4 23. Qxf6+ Qxf6 24. Rxf6 Kxf6 25. Bxd4+ Ke6 26. Re1+ Kd7 27. Ng4 Kc8 28. Bg7 Rd8 29. Bf6 Rf8 30. Re7 b6 31. c5 Bxd3 32. c6 a5 33. Ne5 a4 34. Bxf7 Bf5 35. g4 Bb1 36. Be6+ 1-0

[Event "Szeged TT09 IM"]
[Site "Szeged"]
[Date "1998.09.19"]
[Round "3"]
[White "Ianov, Viktor"]
[Black "Ciolac, Gheorghe"]
[Result "1-0"]
[WhiteElo "2350"]
[BlackElo "2375"]
[PlyCount "149"]
[EventDate "1998.09.17"]
[EventType "tourn"]
[EventRounds "9"]
[EventCountry "HUN"]
[EventCategory "1"]
[SourceTitle "CBM 067 Extra"]
[Source "ChessBase"]
[SourceDate "1999.01.01"]
[SourceVersion "1"]
[SourceVersionDate "1999.01.01"]
[SourceQuality "1"]

1. Nf3 Nf6 2. g3 d5 3. Bg2 e6 4. 0-0 Be7 5. d3 c5 6. Nbd2 Nc6 7. e4 b6 8. Re1 Qc7 9. Nf1 dxe4 10. dxe4 Bb7 11. Bf4 e5 12. Bg5 Rd8 13. Qc1 Nd4 14. c3 Ne6 15. Bxf6 Bxf6 16. Qc2 0-0 17. Ne3 g6 18. Nd2 Rd7 19. Nd5 Qd8 20. Qa4 Bg7 21. Nc4 Ng5 22. Nce3 Qc8 23. h4 Bc6 24. Qc4 Ne6 25. a4 h5 26. Red1 Qb7 27. Bh3 Kh8 28. b4 cxb4 29. Qxb4 Rfd8 30. a5 Bf8 31. Qb1 bxa5 32. Qxb7 Rxb7 33. Nc4 Bxd5 34. exd5 Nc5 35. Nxa5 Rc7 36. Nc6 Ra8 37. Nxe5 Bd6 38. Nc6 Kg7 39. c4 Kf8 40. Nd4 Be5 41. Nb5 Rb7 42. Ra5 a6 43. d6 Rd8 44. Rd5 axb5 45. Rxe5 Nd3 46. Rexb5 Rxb5 47. cxb5 Rxd6 48. Ra6 Ke7 49. b6 Nc5 50. Ra5 Rd1+ 51. Kh2 Kd6 52. Rb5 Na6 53. Rb2 Nb8 54. Bc8 Rd4 55. Kg2 Rd3 56. Kf1 Rd4 57. Ke2 Kc5 58. Ke3 Rc4 59. b7 Rc3+ 60. Ke4 Rc4+ 61. Ke5 Rc3 62. Kf6 Rf3+ 63. Ke7 Kc6 64. Bh3 Kc7 65. Rc2+ Kb6 66. Bg2 Rf5 67. f4 Rb5 68. Kxf7 Rb3 69. Kxg6 Rxg3+ 70. Kxh5 Nd7 71. Rc6+ Ka7 72. Rg6 Nf6+ 73. Rxf6 Rxg2 74. Rb6 Kb8 75. f5 1-0

[Event "Montecatini Terme op"]
[Site "Montecatini Terme"]
[Date "1997.08.05"]
[Round "5"]
[White "Ciolac, Gheorghe"]
[Black "Sax, Gyula"]
[Result "1/2-1/2"]
[WhiteElo "2385"]
[BlackElo "2570"]
[PlyCount "42"]
[EventDate "1997.11.??"]
[EventType "swiss"]
[EventRounds "9"]
[EventCountry "ITA"]
[SourceTitle "EXT 1999"]
[Source "ChessBase"]
[SourceDate "1998.11.16"]
[SourceVersion "1"]
[SourceVersionDate "1998.11.16"]
[SourceQuality "1"]

1. e4 c5 2. Nc3 e6 3. Nge2 a6 4. g3 b5 5. Bg2 Bb7 6. a3 Nf6 7. d3 d6 8. 0-0 Nc6 9. h3 Be7 10. Be3 0-0 11. Qd2 Rc8 12. Rae1 Qa5 13. Ra1 Rfd8 14. g4 h6 15. Ng3 Qc7 16. f4 d5 17. exd5 exd5 18. Bf2 d4 19. Nce4 Nxe4 20. Nxe4 Nb8 21. a4 c4 1/2-1/2

[Event "Montecatini Terme op"]
[Site "Montecatini Terme"]
[Date "1997.08.03"]
[Round "3"]
[White "Ciolac, Gheorghe"]
[Black "Dickhoff, Ronald"]
[Result "1-0"]
[WhiteElo "2385"]
[BlackElo "2000"]
[PlyCount "57"]
[EventDate "1997.11.??"]
[EventType "swiss"]
[EventRounds "9"]
[EventCountry "ITA"]
[SourceTitle "EXT 1999"]
[Source "ChessBase"]
[SourceDate "1998.11.16"]
[SourceVersion "1"]
[SourceVersionDate "1998.11.16"]
[SourceQuality "1"]

1. e4 e6 2. Nc3 d5 3. d4 Bb4 4. e5 c5 5. Bd2 Ne7 6. Nb5 Bxd2+ 7. Qxd2 0-0 8. dxc5 Nd7 9. f4 Nxc5 10. Nf3 Ne4 11. Qd3 Qb6 12. Qd4 Qxd4 13. Nbxd4 Bd7 14. Bd3 Nc5 15. 0-0-0 Rac8 16. Kb1 a6 17. Rhe1 Rc7 18. g4 Nc6 19. f5 Nxd3 20. Rxd3 Rfc8 21. f6 g6 22. g5 Nb4 23. Rd2 Rc4 24. h4 a5 25. h5 R8c7 26. Rh1 R4c5 27. c3 Na6 28. hxg6 fxg6 29. f7+ 1-0

[Event "Lilie op"]
[Site "Litomysl"]
[Date "1997.??.??"]
[Round "4"]
[White "Ciolac, Gheorghe"]
[Black "Smistik, Milan"]
[Result "1-0"]
[WhiteElo "2385"]
[BlackElo "2105"]
[PlyCount "85"]
[EventDate "1997.??.??"]
[EventType "swiss"]
[EventRounds "7"]
[EventCountry "CZE"]
[SourceTitle "EXT 1999"]
[Source "ChessBase"]
[SourceDate "1998.11.16"]
[SourceVersion "1"]
[SourceVersionDate "1998.11.16"]
[SourceQuality "1"]

1. e4 c5 2. Ne2 d6 3. g3 Nf6 4. Bg2 g6 5. c3 Bg7 6. d4 0-0 7. 0-0 cxd4 8. cxd4 Nc6 9. Nbc3 Bg4 10. f3 Bd7 11. Be3 e5 12. Qd2 Ne8 13. dxe5 Nxe5 14. b3 Qa5 15. Rad1 Bc6 16. Nd5 Qxd2 17. Ne7+ Kh8 18. Rxd2 Bb5 19. Rc1 Nc6 20. Nd4 Nxd4 21. Bxd4 Bxd4+ 22. Rxd4 Rd8 23. a4 Bd7 24. f4 f6 25. Bf1 Rf7 26. Nd5 Be6 27. Bc4 Kg7 28. f5 Bd7 29. Nf4 Re7 30. Be6 g5 31. Nd5 Rxe6 32. fxe6 Bxe6 33. Ne3 Kf7 34. Nd5 Rc8 35. Rdc4 Rxc4 36. bxc4 b6 37. Kf2 Bd7 38. Ke3 Ng7 39. Rf1 Ne8 40. Ra1 Ng7 41. a5 bxa5 42. Rxa5 Ne6 43. Ra6 1-0

[Event "Marostica op"]
[Site "Marostica"]
[Date "1997.??.??"]
[Round "?"]
[White "Godena, Michele"]
[Black "Ciolac, Gheorghe"]
[Result "1-0"]
[WhiteElo "2545"]
[BlackElo "2390"]
[PlyCount "55"]
[EventDate "1997.??.??"]
[EventType "swiss"]
[EventRounds "9"]
[EventCountry "ITA"]
[SourceTitle "EXT 2000"]
[Source "ChessBase"]
[SourceDate "1999.11.16"]
[SourceVersion "1"]
[SourceVersionDate "1999.11.16"]
[SourceQuality "1"]

1. e4 e5 2. Nf3 Nc6 3. Bb5 g6 4. d4 exd4 5. Bg5 Be7 6. Bxe7 Ngxe7 7. Nxd4 d5 8. Nc3 dxe4 9. Nxe4 0-0 10. Nxc6 Nxc6 11. Bxc6 Qxd1+ 12. Rxd1 bxc6 13. Kd2 Be6 14. Kc3 f5 15. Nc5 Bd5 16. f3 g5 17. Rhe1 Rae8 18. Nd7 Rxe1 19. Rxe1 Rf7 20. Re8+ Kg7 21. Ne5 Rf6 22. Re7+ Kh6 23. Rxc7 g4 24. fxg4 Bxg2 25. h4 fxg4 26. Nxg4+ Kg6 27. Nxf6 Kxf6 28. Rxh7 1-0